Libro-Blog : (Registro nro. 13721)

Detalles MARC
000 -LIDER
fixed length control field 00880nam a2200277 a 4500
001 - NÚMERO DE CONTROL
Identificador de número de control 000040680
003 - IDENTIFICACDOR DE NÚMERO DE CONTROL
control field DO-SdBNP
005 - DATE AND TIME OF LATEST TRANSACTION
control field 20210910135112.0
008 - ELEMENTOS DE LONGITUD FIJA
fixed length control field 130905s2013 dr ac 000 0 spa d
020 ## - ISBN
International Standard Book Number 9789945489934
040 ## - FUENTE DE CATALOGACIÓN
Agencia que crea de manera original el registro DO-SdBNP
Idioma de catalogación spa
Agencia que realiza la transcripción BPMSU
082 ## - NÚMERO DE CLASIFICACIÓN DECIMAL DE DEWEY
Classification number 701.18
Item number M433v 2013
Edition number 22
100 1# - ASIENTO PRINCIPAL -- NOMBRE PERSONAL
Nombre personal Matos, Gilda
245 10 - MENCIÓN DE TITULO
Título Libro-Blog :
Subtítulo visión del arte /
Mención de responsabilidad Gilda Matos ; colaboradores Ángel Mejía, José Rafael Sosa
260 ## - PUBLICACIÓN, DISTRIBUCIÓN, ETC. (PIE DE IMPRENTA)
Lugar de publicación, distribución, etc Santo Domingo :
Nombre del editor, distribuidor, etc. Santuario,
Fecha de publicación, distribución, etc 2013.
300 ## - DESCRIPCIÓN FÍSICA
Extensión 209 p. :
Otros detalles físicos ils., retrs. ;
Dimensiones 23 cm.
500 ## - NOTA GENERAL
Nota general Incluye datos biográficos de la autora en la solapa de la cubierta
590 ## - NOTA LOCAL
Enlace Inventariado. 2021/VM
650 #4 - ENCABEZAMIENTO DE MATERIA--TEMÁTICO
Término temático o nombre geográfico como elemento de entrada Arte dominicano
Subdivisión temática general Historia y crítica.
650 #4 - ENCABEZAMIENTO DE MATERIA--TEMÁTICO
Término temático o nombre geográfico como elemento de entrada Danza
650 #4 - ENCABEZAMIENTO DE MATERIA--TEMÁTICO
Término temático o nombre geográfico como elemento de entrada Historia del arte.
700 1# - ASIENTO SECUNDARIO -- NOMBRE PERSONAL
Nombre personal Mejía, Ángel
700 1# - ASIENTO SECUNDARIO -- NOMBRE PERSONAL
Nombre personal Sosa, José Rafael
910 ## - VALIDACIÓN
Validación VMateo V.
942 ## - ADDED ENTRY ELEMENTS (KOHA)
Source of classification or shelving scheme Dewey Decimal Classification
Koha item type Libros
Existencias
Withdrawn status Lost status Source of classification or shelving scheme Damaged status Not for loan Collection code Home library Current library Date acquired Source of acquisition Total Checkouts Full call number Barcode Date last seen Price effective from Koha item type
    Dewey Decimal Classification     Colección Dominicana Biblioteca Pública Metropolitana Salomé Ureña Biblioteca Pública Metropolitana Salomé Ureña 09/10/2021 Gilda Matos   BPMSU CD 701.18 M433v 2013 BPMSU21090058 09/10/2021 09/10/2021 Libros